Online
Catalog

Pensamientos de Antonio José de Sucre : (Record no. 20749)

MARC details
000 -CABECERA
campo de control de longitud fija 00763nam a2200229 a 4500
001 - NÚMERO DE CONTROL
campo de control 000021248
005 - FECHA Y HORA DE LA ÚLTIMA TRANSACCIÓN
campo de control 20250520113501.0
008 - DATOS DE LONGITUD FIJA--INFORMACIÓN GENERAL
campo de control de longitud fija 100902s1995 ve r 000 0 spa d
020 ## - NÚMERO INTERNACIONAL ESTÁNDAR DEL LIBRO
Número Internacional Estándar del Libro 9803540033
040 ## - FUENTE DE LA CATALOGACIÓN
Centro catalogador/agencia de origen DO-SdBNP
Lengua de catalogación spa
Centro/agencia transcriptor BNPHU
082 ## - NÚMERO DE LA CLASIFICACIÓN DECIMAL DEWEY
Número de clasificación 128.3
Número de documento/Ítem S942p
049 ## - FONDOS LOCALES (OCLC)
Fondos de biblioteca BNGR
100 1# - ENTRADA PRINCIPAL--NOMBRE DE PERSONA
Nombre de persona Sucre, Antonio José de,
9 (RLIN) 44410
245 10 - MENCIÓN DE TÍTULO
Título Pensamientos de Antonio José de Sucre :
Resto del título (gran mariscal de Ayacucho) /
Mención de responsabilidad, etc. Antonio José de Sucre ; selección y prólogo de Gina Alessandra Saraceni.
260 ## - PUBLICACIÓN, DISTRIBUCIÓN, ETC.
Lugar de publicación, distribución, etc. Caracas :
Nombre del editor, distribuidor, etc. Alfadil,
Fecha de publicación, distribución, etc. 1995.
300 ## - DESCRIPCIÓN FÍSICA
Extensión 84, [1] p. ;
Dimensiones 16 cm.
490 1# - MENCIÓN DE SERIE
Mención de serie Ameritextos
Designación de volumen o secuencia 7
650 #0 - PUNTO DE ACCESO ADICIONAL DE MATERIA--TÉRMINO DE MATERIA
Término de materia o nombre geográfico como elemento de entrada Filosofía
9 (RLIN) 813
650 #0 - PUNTO DE ACCESO ADICIONAL DE MATERIA--TÉRMINO DE MATERIA
Término de materia o nombre geográfico como elemento de entrada Pensamiento
9 (RLIN) 22995
700 1# - PUNTO DE ACCESO ADICIONAL--NOMBRE DE PERSONA
Nombre de persona Saraceni, Gina Alessandra,
Término indicativo de función/relación pról.
9 (RLIN) 44411
830 #0 - PUNTO DE ACCESO ADICIONAL DE SERIE-TÍTULO UNIFORME
Título uniforme Ameritextos ;
Designación de volumen o secuencia 7
9 (RLIN) 10726
Holdings
Estado de retiro Estado de pérdida Restricciones de uso No para préstamo Código de colección Localización permanente Ubicación/localización actual Ubicación en estantería Fecha de adquisición Número de inventario Total de préstamos Signatura topográfica completa Código de barras Fecha visto por última vez Precio válido a partir de Tipo de ítem Koha
    Préstamo interno   Monografías: Libros y Folletos General General En catalogación 02.09.2010 LF1   128.3 S942p 21248-10 25.06.2020 25.06.2020 Préstamo interno

Powered by Koha